|
|
|
|
| LEADER |
00000nam0a2200000 4500 |
| 001 |
361635 |
| 005 |
20231102011416.0 |
| 035 |
|
|
|a (RuTPU)RU\TPU\retro\18967
|
| 090 |
|
|
|a 361635
|
| 100 |
|
|
|a 20210625d1964 km y0gery50 ba
|
| 101 |
0 |
|
|a ger
|
| 102 |
|
|
|a DE
|
| 105 |
|
|
|a a z 001zy
|
| 200 |
1 |
|
|a Anwendungstechnik der Plast - und Elastdispersionen
|f W. Mûhisteph
|
| 210 |
|
|
|a Leipzig
|c Veb Deutscher Veriag fur Grundstoffindustrie
|d 1964
|
| 215 |
|
|
|a 335 s.
|c il.
|
| 320 |
|
|
|a Autorenregister: s. 329-330
|
| 320 |
|
|
|a Sachwortverzeichnis: s. 331-334
|
| 606 |
1 |
|
|a Пластмассы
|x Технологические свойства
|2 stltpush
|3 (RuTPU)RU\TPU\subj\49147
|9 67958
|
| 610 |
1 |
|
|a эластомеры
|
| 610 |
1 |
|
|a дисперсии
|
| 610 |
1 |
|
|a эмульсии
|
| 610 |
1 |
|
|a латексы
|
| 610 |
1 |
|
|a свойства
|
| 610 |
1 |
|
|a испытания
|
| 610 |
1 |
|
|a применение
|
| 610 |
1 |
|
|a влияние
|
| 610 |
1 |
|
|a продукция
|
| 610 |
1 |
|
|a производство
|
| 610 |
1 |
|
|a немецкий язык
|
| 675 |
|
|
|a 678.5-1
|v 4
|
| 700 |
|
1 |
|a Mûhisteph
|b W.
|
| 801 |
|
1 |
|a RU
|b 63413507
|c 20210625
|
| 942 |
|
|
|c BK
|